Responses for show #6294 - Thursday, January 19, 2012

Contestants

Naved Sheikh, an attorney from New York, New York

Lynn Hammerlund, a college librarian from Lake in the Hills, Illinois

Amy Stephenson, a writer and editor from Sunnyside, New York (whose 2-day cash winnings total $32,799)

Jeopardy! Round responses

A SHAKESPEARE PLAY, FOR OPENERS
THAT'S BUSINESS
NURSERY RHYMES
INLETS
THE EVOLUTION OF "M"USIC
FOREIGN
    $200 1
Hamlet

Lynn
    $200 8
(Charles M.) Barnes

Amy
    $200 6
pumpkin

Amy
    $200 12
Anchorage

Lynn
    $200 21
Moody Blues

Lynn
    $200 30
Sunday

Lynn
    $400 2
Iago

Amy
    $400 17
Bermuda

Naved
    $400 7
hay

Naved
    $400 13
Puget Sound

Lynn
    $400 22
Barry Manilow

Lynn
    $400 29
a bird

Lynn
    $600 3
Verona

Lynn
    $600 18
Benetton

Amy
    $600 9
maids

Triple Stumper
    $1,000 14
Iceland

Lynn
    $600 23
John Mellencamp

Amy
    $600 28
spinach

Lynn
    $800 4
York

Amy
    $800 19
Proctor & Gamble

Amy
    $800 10
lambs

Amy
    $800 15
Valparaiso

Lynn
    $800 24
Metallica

Amy
    $800 27
thirteen

Lynn
    $1000 5
The Tempest

Amy
    $1000 20
Kenmore

Lynn
    $1000 11
the mulberry bush

Lynn
    $1000 16
the Outer Banks

Naved
    $1000 25
Maroon 5

Triple Stumper
    $1000 26
(Amy: What is a city?)

a mountain

AmyLynn

Scores at the first commercial break (after clue 14):

Amy Lynn Naved
$3,400 $3,400 $400

Scores at the end of the Jeopardy! Round:

Amy Lynn Naved
$5,200 $8,800 $1,800

Double Jeopardy! Round responses

AMERICAN HISTORY
WHAT'S YOUR BEEF?
WEAPONS OF WORLD WAR II
THE LIVING PLANET
ACTING PRESIDENTS ON TV
4 N
    $400 9
Rockefeller

Lynn
    $400 16
steak tartare

Lynn
    $400 11
Churchill

Naved
    $400 29
(Lynn: What is an ant?)
...
[The end-of-round signal sounds]

beetle

Lynn
Triple Stumper
    $400 4
The Event

Lynn
    $400 21
ninety-nine

Lynn
    $800 10
(Douglas) MacArthur

Naved
    $800 17
(Naved: What is ham?)

corned beef

Naved
Triple Stumper
    $800 12
aircraft carriers

Triple Stumper
    $800 5
24

Lynn
    $800 22
(Amy: What is inadvertent?)

unintentional

Amy
Triple Stumper
    $1,800 1
the Federalists

Naved
    $1200 18
strip steak

Naved
    $1200 13
Mitsubishi

Naved
    $1200 26
the kiwi

Amy
    $1200 6
Saturday Night Live

Naved
    $2,400 23
the annunciation

Lynn
    $1600 2
(Lynn: Who is Grant?)

(Rutherford B.) Hayes

LynnNaved
    $1600 19
filet mignon

Naved
    $1600 14
(Naved: What is the M5?)
(Amy: What is the M15?)

the M1

AmyNaved
Triple Stumper
    $1600 27
arthropod

Amy
    $1600 7
Prison Break

Triple Stumper
    $1600 24
transcontinental

Lynn
    $2000 3
(Naved: What is The Netherlands?)

Denmark

LynnNaved
    $2000 20
beef Wellington

Amy
    $2000 15
Fat Man

Naved
    $2000 28
their genome

Naved
    $2000 8
(Lynn: [No answer])

Battlestar Galactica

Lynn
Triple Stumper
    $2000 25
(Amy: What is unfortunate?)

inconvenient

Amy
Triple Stumper

Scores at the end of the Double Jeopardy! Round:

Amy Lynn Naved
$5,600 $13,200 $11,200

[wagering suggestions for these scores]

Final Jeopardy! Round responses

SPORTS & THE MOVIES
AmyWhat is Wrigley Field?
$4,000
NavedWhat is Comiskey Pk?
$1
LynnWhat is Wrigley Field?
$9,300
Wrigley Field

Final scores:

Amy Lynn Naved
$9,600 $22,500 $11,199
3rd place: $1,000 New champion: $22,500 2nd place: $2,000

Game dynamics:

Coryat scores:

Amy Lynn Naved
$5,600 $11,600 $10,600
13 R,
4 W
23 R
(including 2 DDs),
3 W
13 R
(including 1 DD),
3 W

Combined Coryat: $27,800

The J! Archive is created by fans, for fans. The Jeopardy! game show and all elements thereof, including but not limited to copyright and trademark thereto, are the property of Jeopardy Productions, Inc. and are protected under law. This website is not affiliated with, sponsored by, or operated by Jeopardy Productions, Inc. Join the discussion at JBoard.tv.